000 00425 a2200145 4500
001 92041
082 _a428.34 WAL
090 _c43999
_d43998
100 _aElizabeth Walter and Kate Woodford
245 _aEasy Learning English Conversations 2 : The easiest way to improve your spoken English
250 _a2
260 _aUK
_bHarperCollins Publishers
_c256p.
300 _aPb
_eWith audio CD
500 _aGeneral Book
942 _aCAE NUST
_k428.34 WAL
999 _c327114
_d327114